1296 1246 1573 1309 1914 1750 1147 1169 1432 1448 1299 1097 1977 1761 1539 1459 1646 1938 1425 1746 1666 1001 1499 1422 1510 1997 1972 1730 1764 1021 1375 1138 1185 1241 1322 1950 1482 1801 1123 1913 1092 1442 1003 1011 1662 1070 1513 1059 1284 1309 1288 1593 1210 1753 1617 1967 1575 1773 1581 1345 1817 1281 1624 1028 1642 1514 1596 1701 1501 1139 1118 1828 1515 1271 1384 1338 1032 1531 1960 1564 1897 1531 1184 1298 1684 1803 1543 1495 1230 1153 1382 1817 1111 1070 1908 1673 1712 1297 1435 BCNSPRNW ULIB Ver.6.0+V

เปลี่ยนเป็นภาษาไทย

Change to English
 แสดงรายละเอียดบรรณานุกรม
  กลับหน้าหลัก

Brief Record : Get Marc (ISO 2709) : E-mail record : QR code < ปิดหน้าต่าง
LEADER : 00000nam 2200000uu 4500
001    13399128170
003     ULIB
008    220802s2564||||th 000 0 tha d
020    ^a9786160042241
050    ^aนว.^bณ429ท
100  0 ^aณารา
245  1 ^aทัณฑ์รักพยาบาท /^cณารา
250    ^aพิมพ์ครั้งที่ 1
260    ^aกรุงเทพฯ :^bพิมพ์คำ,^c2564
300    ^a479 หน้า
650    ^aนวนิยายไทย
945    ^p330^l0^i009259
999    ^aประนอม เกษจรัล
รายการนี้ยังไม่มีแท็ก
คุณยังไม่ได้ล็อกอิน คุณสามารถมีกิจกรรมร่วมกับเว็บไซต์ได้ แต่ต้องล็อกอินก่อน ::
  ล็อกอิน

รายการสื่อสารสนเทศ

ลำดับที่ ประเภท เลขเรียก/บาร์โค้ด สถานที่ สถานะ
1. นวนิยาย
นวนิยาย
นว. ณ429ท ฉ.1 
  Barcode: 009259
ห้องสมุดวิทยาเขตนครสวรรค์
►นวนิยาย:l:Fiction
บนชั้น

รายการใกล้เคียง
    ผู้แต่ง [ณารา]

    หัวเรื่อง [นวนิยายไทย]

BibComment


ยังไม่เคยถูกคอมเมนท์

คอมเมนท์ทรัพยากรรายการนี้
  คอมเมนท์: ทัณฑ์รักพยาบาท ..


 Copyright 2026. Bcnsprnw @Library